00481 2200193 4500001002100000005001700021035002400038040001200062082001100074084001900085100002300104245004200127260003700169300002600206650001100232850001200243990001600255990001600271YOGYA00000000001075820170109135422.0 0010-081400000010476 aYOPDYOG a297.43 aK 297.43 Rak Z aRakhmat, Jalaludin aZainab Al-Kubra /cRakhmat, Jalaludin aBandungbRemaja Rosdakaryac1997 a36 hlm.bilus.c26 cm aZainab aYOPDYOG a111903-P/98 a111904-P/98